[Geometry Dash] Every cherryteam Level - Statistics

General Stats
  • This quiz has been taken 17 times
    14 since last reset
  • The average score is 4 of 44
Answer Stats
Theme Difficulty Level % Correct
Space Extreme Demon KOCMOC
67%
Frozen City Extreme Demon Waterfall
56%
Space Extreme Demon KOCMOC UNLEASHED
44%
Layout Extreme Demon Belladonna
33%
Layout Extreme Demon Sevvend Clubstep
33%
Glass Extreme Demon Trotil
33%
Alien Complex Extreme Demon cytokinesis
22%
Scary Extreme Demon Firework
22%
Glow Insane Demon Sinister Glow
22%
Glow Extreme Demon Back On Track
11%
Platformer Rooms Insane Deja Vu
11%
Hell Extreme Demon Ouroboros
11%
Weird Extreme Demon Peach Vomit
11%
Glow/Space Insane Demon Penumbra
11%
Circles Level Extreme Demon Silent Circles
11%
Beach Extreme Demon Tidal Wave Infinity
11%
Glow Extreme Demon Void Wave
11%
Glitching Extreme Demon 0 Techno
0%
Medieval Ages Extreme Demon AGITE
0%
Technology Hard Demon Binary Life
0%
Post-Apocalyptic Extreme Demon Cannon Bay
0%
Frozen City Extreme Demon CASCADE
0%
Nature Easy Demon Cherry Blossom
0%
Technology Insane Demon Crash Game
0%
Glow Insane Demon Dash N Xplodes
0%
Winter Hard Demon Frostbite Meadow
0%
Glow Extreme Demon Green Bullet
0%
Undecided Extreme Demon Gryphon
0%
Folktales Extreme Demon La Llorona
0%
Construction Extreme Demon Mayhem
0%
Memory Extreme Demon NEBULABRASQUE
0%
Hell Extreme Demon Nekravol
0%
Glow Hard Demon Neur Absence
0%
Pixelated Extreme Demon Pixel Town
0%
Scrapyard Insane Demon POWDER MECHANISM
0%
Multithemed Extreme Demon REDEMPTION
0%
Undecided Extreme Demon Sarai
0%
Chinese Culture Extreme Demon Shinigami
0%
Hell Extreme Demon The Human Limit
0%
Nostalgia Harder The Pressure
0%
Toxic Waste Insane Demon Toxic Rave
0%
Sunset/Nature Medium Demon UPSCOPE
0%
Old Timey Extreme Demon Vignette
0%
Russian Extreme Demon Xyuti
0%
No matching quizzes found
Score Distribution
Percent of People with Each Score
Percentile by Number Answered
Your Score History
You have not taken this quiz since the last reset